Malé a stredné podnikanie
Gespeichert in:
| 1. Verfasser: | |
|---|---|
| Format: | Buch |
| Sprache: | Slowakisch |
| Veröffentlicht: |
Bratislava
GRAFIS
2003
|
| Schriftenreihe: | Naša Európa
|
| Schlagworte: | |
| Tags: |
Keine Tags, Fügen Sie das erste Tag hinzu!
|
MARC
| LEADER | 00000nam$a2200000$$$4500 | ||
|---|---|---|---|
| 001 | 0026004 | ||
| 005 | 20240318125638.8 | ||
| 020 | |a 80-969025-0-4 | ||
| 041 | 0 | |a slo | |
| 044 | |a SK | ||
| 245 | 1 | 0 | |a Malé a stredné podnikanie |c Henrieta Holešová |
| 264 | 1 | |a Bratislava |b GRAFIS |c 2003 | |
| 300 | |a 38 s. | ||
| 490 | 1 | |a Naša Európa | |
| 830 | 0 | |a Naša Európa | |
| 610 | 2 | 0 | |a integrácia ekonomická medzinárodná |
| 610 | 2 | 0 | |a spolupráca hospodárska medzinárodná |
| 610 | 2 | 0 | |a podnikanie malé |
| 610 | 2 | 0 | |a podnikanie stredné |
| 610 | 2 | 0 | |a charta |
| 610 | 2 | 0 | |a informácie |
| 610 | 2 | 0 | |a pomoc finančná |
| 610 | 2 | 0 | |a harmonizácia |
| 610 | 2 | 0 | |a právo |
| 610 | 2 | 0 | |a podpora podnikania |
| 610 | 2 | 0 | |a rozvoj vedeckotechnický |
| 610 | 2 | 0 | |a riziko |
| 610 | 2 | 0 | |a fondy štruktúrne |
| 610 | 2 | 0 | |a Európska únia |
| 610 | 2 | 0 | |a Slovensko |
| 100 | 1 | |a Holešová, Henrieta | |